[Event "Semiahmoo op"]
[Site "White Rock CAN"]
[Date "2018.08.04"]
[Round "2.6"]
[White "Hemstapat, Andrew"]
[Black "Gu, Chuyang"]
[Result "0-1"]
[WhiteElo "2225"]
[BlackElo "1842"]
[PlyCount "102"]
[EventDate "2018.08.04"]
[EventType "swiss"]
[EventRounds "6"]
[EventCountry "CAN"]

1. e4 c5 2. Nf3 d6 3. d4 cxd4 4. Nxd4 Nf6 5. Nc3 g6 6. Be3 Bg7 7. Be2 Nc6 8.
O-O O-O 9. Nb3 Bd7 10. f4 a6 11. a4 Qc7 12. a5 Be6 13. Nd5 Qd8 14. Bf3 Nd7 15.
c3 f5 16. exf5 Bxf5 17. g4 Be6 18. f5 gxf5 19. Nf4 Bf7 20. gxf5 Nf6 21. Nd4
Nxd4 22. Bxd4 Qd7 23. Qd3 Rac8 24. Rae1 Bc4 25. Qc2 Bxf1 26. Kxf1 Kh8 27. Kg1
Ne8 28. Ne6 Bxd4+ 29. Nxd4 Ng7 30. Bg4 Ne8 31. Kh1 Nf6 32. Bf3 Rg8 33. Qe2 Rg7
34. Ne6 Rf7 35. Rg1 Rg8 36. Rxg8+ Nxg8 37. Nd4 Qa4 38. h3 Qa1+ 39. Kh2 Rg7 40.
Qf2 Qxa5 41. Bxb7 Qe5+ 42. Kh1 Rg3 43. Bg2 Rd3 44. Bf1 Rd1 45. Kg1 Nf6 46. Qf3
Rd2 47. Ne2 Ne4 48. b4 d5 49. h4 Rd1 50. Nf4 Rc1 51. Ne2 Nd2 0-1

[Event "Semiahmoo op"]
[Site "White Rock CAN"]
[Date "2018.08.04"]
[Round "2.7"]
[White "Salcedo, Daniel E"]
[Black "Landingin, Jofrei"]
[Result "1-0"]
[WhiteElo "1999"]
[BlackElo "1816"]
[PlyCount "89"]
[EventDate "2018.08.04"]
[EventType "swiss"]
[EventRounds "6"]
[EventCountry "CAN"]

1. d4 Nf6 2. c4 g6 3. Nc3 Bg7 4. e4 d6 5. Nf3 O-O 6. Be2 Bg4 7. Be3 Nbd7 8. Nd2
Bxe2 9. Qxe2 a6 10. O-O Rb8 11. Rac1 e5 12. d5 Ne8 13. b4 f5 14. f3 f4 15. Bf2
b6 16. Nb3 h5 17. c5 h4 18. h3 Qg5 19. Qxa6 bxc5 20. bxc5 Ndf6 21. Qa7 Rb4 22.
Qa5 Rb8 23. Nb5 Nxe4 24. Nxc7 Nxf2 25. Rxf2 e4 26. Ne6 Qg3 27. c6 e3 28. Re2
Nf6 29. Qc3 Rf7 30. Qd3 Re7 31. Qc4 Bh6 32. c7 Rc8 33. Qa6 Ree8 34. Qxd6 g5 35.
Qe5 g4 36. hxg4 Nxg4 37. fxg4 Qxg4 38. Qe4 Re7 39. Nbd4 h3 40. Qf5 Qg3 41. Qxh3
Rh7 42. Qxg3+ fxg3 43. Nf5 Bf8 44. Rxe3 Rf7 45. Rxg3+ 1-0

[Event "Semiahmoo op"]
[Site "White Rock CAN"]
[Date "2018.08.05"]
[Round "2.8"]
[White "Lehingrat, Callum"]
[Black "Zheng, Victor"]
[Result "1-0"]
[WhiteElo "1982"]
[BlackElo "1808"]
[PlyCount "87"]
[EventDate "2018.08.04"]
[EventType "swiss"]
[EventRounds "6"]
[EventCountry "CAN"]

1. d4 Nf6 2. c4 g6 3. Nc3 Bg7 4. e4 O-O 5. Nf3 d6 6. Be2 e5 7. O-O Nc6 8. d5
Ne7 9. Ne1 Ne8 10. Nd3 f5 11. Bd2 Nf6 12. f3 f4 13. Rc1 g5 14. c5 Ng6 15. Nb5
Rf7 16. Ba5 b6 17. cxd6 cxd6 18. Be1 a6 19. Nc3 h5 20. Nf2 Bh6 21. Na4 b5 22.
Nc3 g4 23. Kh1 h4 24. fxg4 f3 25. gxf3 Bxc1 26. Qxc1 Bd7 27. Nd3 Rc8 28. Qh6
Rg7 29. Bxh4 Kf7 30. Bg3 Rh7 31. Qe3 Rh3 32. Kg2 Rh8 33. f4 exf4 34. Nxf4 b4
35. Nd1 Kg7 36. Qd4 Ne5 37. Ne3 a5 38. g5 Nh7 39. Ne6+ Bxe6 40. Bxe5+ Kg6 41.
Bxh8 Qxh8 42. Qxh8 Rxh8 43. dxe6 Nxg5 44. Nd5 1-0

[Event "Semiahmoo op"]
[Site "White Rock CAN"]
[Date "2018.08.04"]
[Round "2.9"]
[White "Zheng, Maven"]
[Black "Ingram, Richard"]
[Result "1-0"]
[WhiteElo "1932"]
[BlackElo "1630"]
[PlyCount "95"]
[EventDate "2018.08.04"]
[EventType "swiss"]
[EventRounds "6"]
[EventCountry "CAN"]

1. d4 Nf6 2. c4 e6 3. Nf3 b6 4. Nc3 Bb7 5. e3 Bb4 6. Bd3 O-O 7. O-O Re8 8. Qe2
Bxc3 9. bxc3 Be4 10. Ng5 Bxd3 11. Qxd3 h6 12. Nh3 d6 13. e4 e5 14. d5 Nbd7 15.
f3 Nc5 16. Qe2 Qe7 17. Be3 Nfd7 18. Kh1 f5 19. exf5 Rf8 20. g4 Qh4 21. Nf2 Nf6
22. Rg1 Nh7 23. Ne4 Nxe4 24. fxe4 Kh8 25. Raf1 Rae8 26. Bf2 Qe7 27. h4 c6 28.
g5 cxd5 29. cxd5 Rc8 30. Qe3 Rc4 31. f6 Nxf6 32. gxf6 Rxf6 33. Rg4 Qf7 34. Rfg1
Rf3 35. Rxg7 Rxe3 36. Rxf7 Rh3+ 37. Kg2 Rhxc3 38. Re1 a5 39. Rf6 Kg7 40. Rxd6
Rc2 41. Rxb6 Rd4 42. Re6 Rdd2 43. Rf1 Rxa2 44. Rxe5 a4 45. Re7+ Kg6 46. Re6+
Kh5 47. Kf3 Rd3+ 48. Be3 1-0

[Event "Semiahmoo op"]
[Site "White Rock CAN"]
[Date "2018.08.05"]
[Round "3.1"]
[White "Nunez Asencio, Jorge"]
[Black "Sanetullaev, Alisher"]
[Result "1/2-1/2"]
[WhiteElo "2231"]
[BlackElo "2147"]
[PlyCount "43"]
[EventDate "2018.08.04"]
[EventType "swiss"]
[EventRounds "6"]
[EventCountry "CAN"]

1. d4 Nf6 2. c4 g6 3. Nc3 d5 4. Nf3 Bg7 5. e3 O-O 6. Qb3 e6 7. Bd2 b6 8. Rc1
Ba6 9. cxd5 Bxf1 10. Kxf1 exd5 11. g3 c5 12. dxc5 bxc5 13. Kg2 Nc6 14. Rhd1 Rb8
15. Qa3 c4 16. Ne2 Ne4 17. Bc3 Nxc3 18. Nxc3 Nb4 19. b3 Nd3 20. Rc2 Nb4 21.
Rcc1 Nd3 22. Rc2 1/2-1/2

[Event "Semiahmoo op"]
[Site "White Rock CAN"]
[Date "2018.08.05"]
[Round "3.2"]
[White "Hiebert, Kenji"]
[Black "Li, James"]
[Result "1-0"]
[WhiteElo "2127"]
[BlackElo "2003"]
[PlyCount "65"]
[EventDate "2018.08.04"]
[EventType "swiss"]
[EventRounds "6"]
[EventCountry "CAN"]

1. Nf3 Nf6 2. c4 e6 3. d4 Bb4+ 4. Nbd2 b6 5. a3 Bxd2+ 6. Bxd2 Bb7 7. e3 O-O 8.
Bd3 Ne4 9. O-O d6 10. Be1 Nd7 11. Nd2 Nxd2 12. Bxd2 f5 13. f3 c5 14. Qc2 Qf6
15. Bc3 cxd4 16. exd4 Qf7 17. Rae1 Rae8 18. Bb4 Qf6 19. Bc3 Qg6 20. Qa4 Re7 21.
Qb4 e5 22. dxe5 Nxe5 23. Bxe5 Rxe5 24. Rxe5 dxe5 25. Qe7 e4 26. Qxb7 exd3 27.
Qd5+ Kh8 28. Qxd3 Qf6 29. b4 h6 30. Rd1 Qb2 31. c5 Rf6 32. Re1 Kg8 33. c6 1-0

[Event "Semiahmoo op"]
[Site "White Rock CAN"]
[Date "2018.08.05"]
[Round "3.3"]
[White "Doknjas, Neil"]
[Black "Tian, Sherry"]
[Result "1/2-1/2"]
[WhiteElo "1989"]
[BlackElo "2028"]
[PlyCount "210"]
[EventDate "2018.08.04"]
[EventType "swiss"]
[EventRounds "6"]
[EventCountry "CAN"]

1. e4 e6 2. d4 d5 3. Nc3 Nf6 4. Bg5 dxe4 5. Nxe4 Nbd7 6. Nf3 h6 7. Nxf6+ Nxf6
8. Bh4 Be7 9. Bd3 c5 10. dxc5 Qa5+ 11. c3 Qxc5 12. Qe2 a6 13. a4 Nd5 14. Bxe7
Qxe7 15. Qe5 O-O 16. g4 Qc7 17. Qxc7 Nxc7 18. g5 hxg5 19. Nxg5 f6 20. Ne4 Bd7
21. a5 Bc6 22. Rg1 Rad8 23. Nc5 Rd5 24. b4 Rfd8 25. O-O-O Kf7 26. c4 Rd4 27. b5
axb5 28. cxb5 R4d5 29. Nxe6 Nxe6 30. Bg6+ Ke7 31. bxc6 Rc5+ 32. Kb2 Rxd1 33.
Rxd1 Rxc6 34. Be4 Ra6 35. Rd5 b6 36. axb6 Rxb6+ 37. Kc3 Rb8 38. Rd2 Rh8 39. f3
Rh3 40. Re2 Kd6 41. Rd2+ Ke5 42. Re2 Kf4 43. Rg2 Ng5 44. Rg4+ Ke3 45. Rg2 Nxe4+
46. fxe4 Kxe4+ 47. Kd2 g5 48. Ke1 Kf5 49. Kf1 Rf3+ 50. Kg1 g4 51. Ra2 Kg5 52.
Kg2 f5 53. Rb2 Ra3 54. Rb5 Re3 55. Ra5 Kf4 56. Ra4+ Re4 57. Ra2 Rd4 58. Re2 Rd3
59. Kf2 Rf3+ 60. Kg2 Rc3 61. Kf2 Rd3 62. Kg2 Re3 63. Ra2 Ke4 64. Ra4+ Ke5 65.
Ra5+ Kf4 66. Ra2 Kg5 67. Ra5 Rf3 68. Ra8 Rb3 69. Ra5 Kf4 70. Ra2 Ke3 71. Ra8 f4
72. Re8+ Kd3 73. Rd8+ Ke2 74. Re8+ Re3 75. Rf8 Re4 76. Ra8 Rd4 77. Re8+ Kd1 78.
Rg8 Rd2+ 79. Kf1 f3 80. Rxg4 f2 81. Rf4 Rd3 82. Rxf2 Rh3 83. Kg2 Rh8 84. h3 Ke1
85. Rf4 Ke2 86. Kg3 Ke3 87. Rg4 Rf8 88. h4 Rf3+ 89. Kg2 Rf2+ 90. Kh3 Rf1 91.
Ra4 Rf4 92. Ra5 Ke4 93. h5 Rf5 94. Ra4+ Ke5 95. Kg4 Rf8 96. Kg5 Rg8+ 97. Kh6
Kf5 98. Ra5+ Kg4 99. Ra1 Rb8 100. Rg1+ Kh4 101. Rh1+ Kg4 102. Kg7 Rb7+ 103. Kf8
Rb8+ 104. Ke7 Rb7+ 105. Kd8 Rh7 1/2-1/2

[Event "Semiahmoo op"]
[Site "White Rock CAN"]
[Date "2018.08.05"]
[Round "3.4"]
[White "Salcedo, Daniel E"]
[Black "Cheng, Louis"]
[Result "0-1"]
[WhiteElo "1999"]
[BlackElo "2140"]
[PlyCount "89"]
[EventDate "2018.08.04"]
[EventType "swiss"]
[EventRounds "6"]
[EventCountry "CAN"]

1. d4 Nf6 2. c4 e6 3. Nc3 Bb4 4. e3 b6 5. Bd3 Bb7 6. f3 c5 7. Nge2 O-O 8. O-O
h6 9. a3 cxd4 10. axb4 dxc3 11. bxc3 d6 12. e4 Nbd7 13. Bc2 Ne5 14. Bb3 Qc7 15.
Qd4 a5 16. Be3 a4 17. Ba2 Rfc8 18. Rfd1 Ne8 19. Qxb6 Nxc4 20. Qxc7 Rxc7 21.
Bxc4 Rxc4 22. Bb6 Kf8 23. Ra3 Bc6 24. Rd4 Bb5 25. Kf2 Rc6 26. Ba5 Rac8 27. c4
Bxc4 28. Rxa4 Bb5 29. Ra2 Ke7 30. Rdd2 e5 31. Ke3 g6 32. Rab2 Ng7 33. Ra2 Ne6
34. Ra3 Bxe2 35. Kxe2 Nd4+ 36. Kf2 f5 37. exf5 gxf5 38. Re3 Rc2 39. Red3 Ke6
40. f4 Rxd2+ 41. Rxd2 Nb3 42. Ra2 Nc1 43. Rd2 e4 44. Ke3 Rc3+ 45. Kd4 0-1

[Event "Semiahmoo op"]
[Site "White Rock CAN"]
[Date "2018.08.05"]
[Round "3.5"]
[White "Lehingrat, Callum"]
[Black "Chandra, Anand Rishi"]
[Result "0-1"]
[WhiteElo "1982"]
[BlackElo "2092"]
[PlyCount "100"]
[EventDate "2018.08.04"]
[EventType "swiss"]
[EventRounds "6"]
[EventCountry "CAN"]

1. d4 Nf6 2. c4 e6 3. g3 d5 4. Nf3 c5 5. cxd5 exd5 6. Bg2 Nc6 7. O-O Be7 8. Nc3
O-O 9. b3 Be6 10. Bb2 Rc8 11. e3 b6 12. Rc1 Re8 13. Ne2 Nd7 14. Nf4 cxd4 15.
Nxd4 Nxd4 16. Bxd4 Rxc1 17. Qxc1 Nc5 18. Rd1 Bg4 19. Bxc5 Bxd1 20. Bxe7 Rxe7
21. Qxd1 Rd7 22. Qd4 h6 23. Nxd5 Rd6 24. e4 Rc6 25. h4 Rc1+ 26. Kh2 Rc2 27. a4
Qd6 28. e5 Qc5 29. Qxc5 bxc5 30. Nf4 Rxf2 31. Kg1 Rd2 32. h5 Kf8 33. e6 Ke7 34.
exf7 Kxf7 35. Bd5+ Kf6 36. Bc4 Kg5 37. Ne6+ Kxh5 38. Nxc5 Kg4 39. Ne4 Rb2 40.
Be6+ Kf3 41. Bf5 h5 42. Bg6 a5 43. Nc5 Kxg3 44. Bd3 h4 45. Ne4+ Kf4 46. Nc5 h3
47. Be4 Kg3 48. Bf5 Re2 49. Nd3 h2+ 50. Kh1 Rd2 0-1

[Event "Semiahmoo op"]
[Site "White Rock CAN"]
[Date "2018.08.05"]
[Round "3.6"]
[White "Chung, Alec"]
[Black "Ferguson, Peter"]
[Result "0-1"]
[WhiteElo "1938"]
[BlackElo "2067"]
[PlyCount "118"]
[EventDate "2018.08.04"]
[EventType "swiss"]
[EventRounds "6"]
[EventCountry "CAN"]

1. c4 g6 2. Nc3 Bg7 3. g3 d6 4. Bg2 Nh6 5. e4 O-O 6. Nge2 f5 7. exf5 Nxf5 8.
O-O c5 9. Rb1 Nc6 10. a3 Nfd4 11. b4 Bg4 12. h3 Bf3 13. d3 Qd7 14. Be3 Nxe2+
15. Nxe2 Ne5 16. Bxf3 Nxf3+ 17. Kg2 Qc6 18. Rg1 Nxg1+ 19. Kxg1 b6 20. Qd2 Qd7
21. Kh2 Rf5 22. Nf4 Raf8 23. b5 Be5 24. Re1 Bxf4 25. Bxf4 Rh5 26. h4 Qg4 27.
Re4 Qf3 28. Re3 Rxh4+ 29. gxh4 Qxf4+ 30. Kh3 e5 31. Kg2 Rf5 32. Qe2 Qxh4 33.
Rh3 Rg5+ 34. Rg3 Rh5 35. Qe1 Qh2+ 36. Kf1 Qh1+ 37. Rg1 Qf3 38. Qe4 Qxe4 39.
dxe4 Kf7 40. Ke2 Rh3 41. f3 Rh2+ 42. Ke3 Ra2 43. Rc1 Rxa3+ 44. Kf2 Ra4 45. Kg3
Kf6 46. Kg4 h5+ 47. Kh4 Ra3 48. Kg3 Kg5 49. Rc2 h4+ 50. Kh2 Rxf3 51. Rg2+ Kf6
52. Ra2 g5 53. Rxa7 g4 54. Rb7 Rf2+ 55. Kg1 Rc2 56. Rxb6 Kg5 57. Rb8 h3 58. b6
g3 59. Rh8 Rc1# 0-1

[Event "Semiahmoo op"]
[Site "White Rock CAN"]
[Date "2018.08.05"]
[Round "3.7"]
[White "Gu, Chuyang"]
[Black "Patterson, Roger"]
[Result "1/2-1/2"]
[WhiteElo "1842"]
[BlackElo "2027"]
[PlyCount "79"]
[EventDate "2018.08.04"]
[EventType "swiss"]
[EventRounds "6"]
[EventCountry "CAN"]

1. e4 e5 2. Nf3 Nc6 3. Bb5 a6 4. Ba4 Nf6 5. O-O Be7 6. Re1 b5 7. Bb3 d6 8. c3
O-O 9. h3 Nb8 10. d4 Nbd7 11. Nbd2 Bb7 12. a4 h6 13. Bc2 Re8 14. Nf1 c5 15. Ng3
cxd4 16. cxd4 exd4 17. Nxd4 d5 18. e5 Bb4 19. Bd2 Bxd2 20. Qxd2 Nxe5 21. axb5
Qb6 22. bxa6 Bxa6 23. b3 Ned7 24. Ngf5 Ne4 25. Qf4 Bb7 26. Rxa8 Rxa8 27. Bxe4
dxe4 28. Nd6 Bd5 29. N4f5 Qxb3 30. Nxh6+ gxh6 31. Re3 Qd1+ 32. Kh2 Nf8 33. Qxh6
Qd4 34. Rg3+ Ng6 35. h4 Qe5 36. Nxe4 Bxe4 37. h5 Ra5 38. hxg6 Qh5+ 39. Rh3 Qxh6
40. gxf7+ 1/2-1/2

[Event "Semiahmoo op"]
[Site "White Rock CAN"]
[Date "2018.08.05"]
[Round "3.8"]
[White "Landingin, Jofrei"]
[Black "Zheng, Maven"]
[Result "1/2-1/2"]
[WhiteElo "1816"]
[BlackElo "1932"]
[PlyCount "100"]
[EventDate "2018.08.04"]
[EventType "swiss"]
[EventRounds "6"]
[EventCountry "CAN"]

1. e4 c5 2. d3 Nc6 3. Nf3 d6 4. g3 g6 5. Bg2 Bg7 6. O-O Nf6 7. Re1 Qc7 8. c3 e5
9. h3 O-O 10. Bg5 Be6 11. Qc1 Qd7 12. Kh2 d5 13. Bh6 dxe4 14. dxe4 Rad8 15.
Bxg7 Kxg7 16. Qe3 b6 17. Nbd2 Qc8 18. Ng5 Bd7 19. Nc4 h6 20. Nf3 Qc7 21. a4 h5
22. Ng5 Rh8 23. Kg1 Ne8 24. Rad1 f6 25. Nf3 Be6 26. Rxd8 Nxd8 27. Nfd2 Nd6 28.
Nxd6 Qxd6 29. h4 Nf7 30. f4 Qd7 31. a5 Rd8 32. Nf3 Qb5 33. axb6 axb6 34. Qf2
Ra8 35. fxe5 Nxe5 36. Nxe5 fxe5 37. Rf1 Re8 38. Qf6+ Kh7 39. Qxe5 Qxb2 40. Qf6
Qd2 41. Ra1 Qd7 42. e5 Qf7 43. Qg5 Bf5 44. Re1 b5 45. Bc6 Rb8 46. Qe3 Qe7 47.
e6 Rb6 48. Bd7 Rd6 49. Bc8 Rd3 50. Qe5 c4 1/2-1/2

[Event "Semiahmoo op"]
[Site "White Rock CAN"]
[Date "2018.08.05"]
[Round "3.9"]
[White "Zheng, Victor"]
[Black "Hemstapat, Andrew"]
[Result "0-1"]
[WhiteElo "1808"]
[BlackElo "2225"]
[PlyCount "82"]
[EventDate "2018.08.04"]
[EventType "swiss"]
[EventRounds "6"]
[EventCountry "CAN"]

1. Nf3 d6 2. d4 f5 3. g3 Nf6 4. Bg2 e6 5. c4 Be7 6. O-O O-O 7. Nc3 Qe8 8. b4 a5
9. b5 Nbd7 10. Bb2 Qh5 11. e3 g5 12. Ne1 Qg6 13. Nd3 h5 14. Qe2 Nb6 15. c5 Nbd5
16. Nxd5 exd5 17. cxd6 cxd6 18. Rac1 Bd7 19. Rc7 Bd8 20. Rxd7 Nxd7 21. Bxd5+
Kh7 22. Bxb7 Ra7 23. Bc6 Nf6 24. d5 Re7 25. Bd4 f4 26. Ne1 Ne4 27. f3 Nc5 28.
e4 Bb6 29. Nd3 g4 30. Bxc5 dxc5 31. Kg2 c4 32. d6 Re6 33. Nxf4 Rxf4 34. e5
gxf3+ 35. Rxf3 Rxf3 36. Qxf3 Rxe5 37. d7 Kg7 38. Qc3 Qf6 39. Qxc4 Re1 40. Bf3
Rg1+ 41. Kh3 Qf5+ 0-1

[Event "Semiahmoo op"]
[Site "White Rock CAN"]
[Date "2018.08.05"]
[Round "4.1"]
[White "Cheng, Louis"]
[Black "Nunez Asencio, Jorge"]
[Result "0-1"]
[WhiteElo "2140"]
[BlackElo "2231"]
[PlyCount "109"]
[EventDate "2018.08.04"]
[EventType "swiss"]
[EventRounds "6"]
[EventCountry "CAN"]

1. d4 d5 2. c4 dxc4 3. Nc3 Nf6 4. e4 e5 5. d5 a6 6. Bxc4 Bd6 7. Qc2 Nbd7 8. a3
Nf8 9. f4 exf4 10. Nf3 Ng6 11. O-O O-O 12. b4 Ng4 13. Rb1 Qe7 14. Bd2 N4e5 15.
Be2 Nxf3+ 16. Bxf3 Bd7 17. Rbe1 Rae8 18. Qc1 Ne5 19. Be2 g5 20. Kh1 h6 21. Qd1
Ng6 22. Bd3 Qe5 23. Qh5 Qg7 24. Be2 f5 25. exf5 Bxf5 26. Bg4 Bxg4 27. Qxg4 Ne5
28. Qh5 Qg6 29. Qxg6+ Nxg6 30. Ne4 Ne5 31. h3 Kg7 32. Bc3 Kg6 33. Nc5 Bxc5 34.
Bxe5 Bd6 35. Bxd6 cxd6 36. Kg1 Kf5 37. Kf2 Re5 38. Rc1 Rf7 39. g4+ Kf6 40. Rfd1
Rfe7 41. Rd3 Re2+ 42. Kf1 R7e3 43. Rc7 Re1+ 44. Kf2 Rxd3 45. Kxe1 Rxa3 46. Rxb7
Ke5 47. h4 gxh4 48. Rh7 Rg3 49. Rxh6 Rxg4 50. Ke2 Kxd5 51. Kf3 Rg3+ 52. Kxf4
Rb3 53. Rh5+ Kc6 54. Ra5 Rxb4+ 55. Kf3 0-1

[Event "Semiahmoo op"]
[Site "White Rock CAN"]
[Date "2018.08.05"]
[Round "4.2"]
[White "Sanetullaev, Alisher"]
[Black "Hiebert, Kenji"]
[Result "1-0"]
[WhiteElo "2147"]
[BlackElo "2127"]
[PlyCount "53"]
[EventDate "2018.08.04"]
[EventType "swiss"]
[EventRounds "6"]
[EventCountry "CAN"]

1. e4 c6 2. Bc4 d5 3. Bb3 dxe4 4. Qh5 e6 5. Nc3 Nf6 6. Qh4 Be7 7. f3 exf3 8.
Nxf3 c5 9. Qg3 O-O 10. d3 Bd6 11. Qh4 Nc6 12. Be3 Be7 13. Qg3 Nd4 14. Bg5 Nxb3
15. axb3 Nh5 16. Bxe7 Qxe7 17. Qe5 Nf6 18. Na4 Nd5 19. O-O Bd7 20. Rae1 Bxa4
21. bxa4 Qf6 22. Qe4 Qf4 23. Qe2 Qxa4 24. Qf2 Nf6 25. c3 Rad8 26. Ne5 Ng4 27.
Qh4 1-0

[Event "Semiahmoo op"]
[Site "White Rock CAN"]
[Date "2018.08.05"]
[Round "4.3"]
[White "Chandra, Anand Rishi"]
[Black "Doknjas, Neil"]
[Result "1/2-1/2"]
[WhiteElo "2092"]
[BlackElo "1989"]
[PlyCount "74"]
[EventDate "2018.08.04"]
[EventType "swiss"]
[EventRounds "6"]
[EventCountry "CAN"]

1. e4 c5 2. Nf3 d6 3. d4 cxd4 4. Nxd4 Nf6 5. Nc3 a6 6. f3 e5 7. Nb3 Be6 8. Be3
h5 9. Qd2 Nbd7 10. Be2 Rc8 11. Rd1 Qc7 12. O-O Be7 13. Qe1 O-O 14. Qg3 g6 15.
Kh1 b5 16. a3 Nc5 17. Nxc5 dxc5 18. Nd5 Bxd5 19. exd5 c4 20. f4 h4 21. Qf2 e4
22. f5 Bc5 23. Qxh4 Bxe3 24. Qxf6 Qd8 25. Qxa6 Qb6 26. Qxb6 Bxb6 27. fxg6 fxg6
28. Bg4 Rcd8 29. Be6+ Kg7 30. Rfe1 e3 31. Re2 Rf6 32. Rde1 Rdf8 33. Kg1 Bc5 34.
c3 Rh8 35. Bh3 Rd8 36. Be6 Rh8 37. h3 Re8 1/2-1/2

[Event "Semiahmoo op"]
[Site "White Rock CAN"]
[Date "2018.08.05"]
[Round "4.4"]
[White "Patterson, Roger"]
[Black "Ferguson, Peter"]
[Result "1-0"]
[WhiteElo "2027"]
[BlackElo "2067"]
[PlyCount "69"]
[EventDate "2018.08.04"]
[EventType "swiss"]
[EventRounds "6"]
[EventCountry "CAN"]

1. c4 g6 2. Nc3 Bg7 3. g3 d6 4. Bg2 Nh6 5. e3 e5 6. Nge2 f5 7. d3 O-O 8. Qc2
Na6 9. a3 Nc5 10. d4 Ne6 11. d5 Nc5 12. b4 Nd7 13. f4 a5 14. Rb1 axb4 15. axb4
g5 16. O-O gxf4 17. exf4 e4 18. Nb5 c6 19. dxc6 Qb6+ 20. Kh1 bxc6 21. Nxd6 Ba6
22. c5 Qc7 23. Bb2 Nf6 24. Nd4 Bxf1 25. Bxf1 Qd7 26. Bc4+ Nd5 27. b5 Bxd4 28.
Bxd4 Ra3 29. bxc6 Qxc6 30. Rb6 Qa8 31. Rb7 Ra1+ 32. Kg2 Nf7 33. Bxd5 e3 34.
Nxf5 Qa6 35. Ne7# 1-0

[Event "Semiahmoo op"]
[Site "White Rock CAN"]
[Date "2018.08.05"]
[Round "4.5"]
[White "Zheng, Maven"]
[Black "Gu, Chuyang"]
[Result "1-0"]
[WhiteElo "1932"]
[BlackElo "1842"]
[PlyCount "61"]
[EventDate "2018.08.04"]
[EventType "swiss"]
[EventRounds "6"]
[EventCountry "CAN"]

1. Nf3 Nf6 2. d4 e6 3. Bg5 d5 4. c4 Be7 5. Nc3 O-O 6. e3 b6 7. Rc1 c5 8. Bd3
dxc4 9. Bxc4 Bb7 10. O-O Nbd7 11. Qe2 Ne4 12. Bxe7 Qxe7 13. Rfd1 Rac8 14. Bd3
Ndf6 15. dxc5 Rxc5 16. Nb5 Bd5 17. Bb1 Rfc8 18. Rxc5 Rxc5 19. a3 Bb3 20. Re1 e5
21. Bxe4 Nxe4 22. Qd3 Bc2 23. Qe2 Ba4 24. Qd3 Bc2 25. Qe2 f5 26. b4 Rc6 27. Rc1
Bd3 28. Qa2+ Bc4 29. Rxc4 Qe6 30. Nxe5 Qd5 31. Nd4 1-0

[Event "Semiahmoo op"]
[Site "White Rock CAN"]
[Date "2018.08.05"]
[Round "4.6"]
[White "Hemstapat, Andrew"]
[Black "Lehingrat, Callum"]
[Result "1/2-1/2"]
[WhiteElo "2225"]
[BlackElo "1982"]
[PlyCount "59"]
[EventDate "2018.08.04"]
[EventType "swiss"]
[EventRounds "6"]
[EventCountry "CAN"]

1. e4 c5 2. Nf3 d6 3. d4 cxd4 4. Nxd4 Nf6 5. Nc3 a6 6. Bg5 e6 7. f4 h6 8. Bh4
Be7 9. Bf2 Qc7 10. Qf3 Nbd7 11. O-O-O Nc5 12. g4 b5 13. g5 hxg5 14. fxg5 Nfd7
15. g6 fxg6 16. Qg2 Ne5 17. Bg3 g5 18. a3 Rh6 19. Bxe5 dxe5 20. Nf3 Bd7 21. h4
O-O-O 22. hxg5 Rxh1 23. Qxh1 Bc6 24. Rxd8+ Qxd8 25. Nxe5 Bxg5+ 26. Kb1 Bxe4 27.
Qg1 Bxc2+ 28. Ka2 Bb3+ 29. Ka1 Na4 30. Qa7 1/2-1/2

[Event "Semiahmoo op"]
[Site "White Rock CAN"]
[Date "2018.08.05"]
[Round "4.7"]
[White "Chung, Alec"]
[Black "Salcedo, Daniel E"]
[Result "0-1"]
[WhiteElo "1938"]
[BlackElo "1999"]
[PlyCount "70"]
[EventDate "2018.08.04"]
[EventType "swiss"]
[EventRounds "6"]
[EventCountry "CAN"]

1. c4 Nf6 2. Nc3 d5 3. d4 g6 4. Nf3 Bg7 5. Bf4 c6 6. e3 O-O 7. Be2 dxc4 8. Bxc4
b5 9. Be2 Nbd7 10. O-O Nh5 11. Bg3 Nxg3 12. fxg3 Qb6 13. a4 b4 14. a5 Qc7 15.
Ne4 e5 16. dxe5 Nxe5 17. Qa4 Rb8 18. Nd4 c5 19. Rac1 c4 20. Qb3 Ba6 21. Nf6+
Kh8 22. Qc2 Qxa5 23. b3 Qd8 24. Ne4 Bh6 25. Qd2 c3 26. Nxc3 bxc3 27. Rxc3 Bxe2
28. Qxe2 Rc8 29. Rfc1 Rxc3 30. Rxc3 Qa5 31. Qb2 Kg8 32. b4 Qd5 33. b5 Nc4 34.
Qb3 Nxe3 35. Nc6 Qxg2# 0-1

[Event "Semiahmoo op"]
[Site "White Rock CAN"]
[Date "2018.08.05"]
[Round "4.8"]
[White "Landingin, Jofrei"]
[Black "Zheng, Victor"]
[Result "1-0"]
[WhiteElo "1816"]
[BlackElo "1808"]
[PlyCount "99"]
[EventDate "2018.08.04"]
[EventType "swiss"]
[EventRounds "6"]
[EventCountry "CAN"]

1. e4 c5 2. d3 Nc6 3. Nf3 g6 4. g3 Bg7 5. Bg2 e6 6. O-O Nge7 7. c3 O-O 8. Re1
d5 9. Nbd2 b5 10. e5 Rb8 11. Nf1 d4 12. g4 dxc3 13. bxc3 b4 14. c4 Qc7 15. Bf4
Rd8 16. Qd2 a5 17. Qe3 Nd4 18. Nxd4 Rxd4 19. Nd2 f5 20. Nb3 Rd8 21. h3 fxg4 22.
hxg4 Bf8 23. Rad1 h5 24. f3 Nc6 25. Bg5 Be7 26. Bxe7 Qxe7 27. Qh6 Qg7 28. Qg5
Bb7 29. Nxc5 Nd4 30. Nxb7 Qxb7 31. Qxg6+ Qg7 32. Qxh5 a4 33. f4 b3 34. axb3
Rxb3 35. f5 exf5 36. Bd5+ Rxd5 37. cxd5 Nf3+ 38. Kf1 Nxe1 39. Rxe1 Qxg4 40.
Qxg4+ fxg4 41. e6 Kf8 42. e7+ Ke8 43. d6 Rxd3 44. Re6 a3 45. Rg6 Re3 46. Rg8+
Kd7 47. Rd8+ Kc6 48. e8=Q+ Rxe8 49. Rxe8 Kxd6 50. Ra8 1-0

[Event "Semiahmoo op"]
[Site "White Rock CAN"]
[Date "2018.08.06"]
[Round "5.1"]
[White "Nunez Asencio, Jorge"]
[Black "Zheng, Maven"]
[Result "1-0"]
[WhiteElo "2231"]
[BlackElo "1932"]
[PlyCount "55"]
[EventDate "2018.08.04"]
[EventType "swiss"]
[EventRounds "6"]
[EventCountry "CAN"]

1. d4 d5 2. c4 e6 3. Nf3 Nf6 4. Nc3 Be7 5. Bf4 O-O 6. e3 Nbd7 7. c5 c6 8. h3
Ne4 9. Bd3 f5 10. O-O Ndf6 11. Ne5 Bd7 12. Ne2 Nh5 13. Bh2 b6 14. f3 Ng5 15. b4
b5 16. a4 Nf7 17. axb5 Nxe5 18. Bxe5 cxb5 19. Qc2 Bc6 20. g4 fxg4 21. Bxh7+ Kh8
22. hxg4 Bh4 23. Nf4 Nxf4 24. exf4 Bf6 25. Qh2 Bh4 26. Bd3 Kg8 27. g5 Bxg5 28.
Qh7+ 1-0

[Event "Semiahmoo op"]
[Site "White Rock CAN"]
[Date "2018.08.06"]
[Round "5.2"]
[White "Tian, Sherry"]
[Black "Sanetullaev, Alisher"]
[Result "0-1"]
[WhiteElo "2028"]
[BlackElo "2147"]
[PlyCount "156"]
[EventDate "2018.08.04"]
[EventType "swiss"]
[EventRounds "6"]
[EventCountry "CAN"]

1. d4 Nf6 2. Nf3 g6 3. Bf4 Bg7 4. e3 d6 5. h3 c5 6. c3 Nbd7 7. Nbd2 O-O 8. Be2
b6 9. O-O Bb7 10. a4 cxd4 11. exd4 Re8 12. Nc4 Rc8 13. Ne3 Ne4 14. Qb3 e5 15.
dxe5 dxe5 16. Bh2 Ng5 17. Nxg5 Qxg5 18. Bc4 Rf8 19. Bd5 Nc5 20. Qc2 Bxd5 21.
Nxd5 Ne6 22. Qc1 Qxc1 23. Rfxc1 Rfe8 24. Re1 Rcd8 25. Rad1 Nc5 26. Nc7 Rxd1 27.
Rxd1 Rc8 28. Nd5 Kf8 29. Ra1 Rd8 30. Ne3 f6 31. Bg3 Ne4 32. Rd1 Rxd1+ 33. Nxd1
Nc5 34. a5 bxa5 35. f3 Ke7 36. Bf2 Kd6 37. b4 axb4 38. cxb4 Nd3 39. Bxa7 Nxb4
40. Ne3 Kc6 41. Kh2 Nd3 42. Nc4 Bf8 43. Be3 Bc5 44. Bh6 Kd5 45. Na5 Bd6 46. Kg1
Bb4 47. Nb3 g5 48. Na1 Ke6 49. h4 Kf5 50. hxg5 Kg6 51. Nc2 Bc5+ 52. Kh2 fxg5
53. Bxg5 Kxg5 54. g3 Kf5 55. Kh3 Kg5 56. Na1 Kf5 57. Nc2 Bf2 58. Na3 Ne1 59.
Nc4 Bc5 60. Nxe5 Kxe5 61. Kg4 Bf2 62. Kg5 Nxf3+ 63. Kh6 Bxg3 64. Kxh7 Kf6 65.
Kh6 Ne5 66. Kh5 Be1 67. Kh6 Bf2 68. Kh5 Kf5 69. Kh6 Bh4 70. Kh5 Be7 71. Kh6 Kg4
72. Kg7 Kg5 73. Kh7 Bf8 74. Kg8 Bh6 75. Kh7 Kh5 76. Kg8 Kg6 77. Kh8 Nd7 78. Kg8
Nf6+ 0-1

[Event "Semiahmoo op"]
[Site "White Rock CAN"]
[Date "2018.08.06"]
[Round "5.3"]
[White "Hiebert, Kenji"]
[Black "Chandra, Anand Rishi"]
[Result "1-0"]
[WhiteElo "2127"]
[BlackElo "2092"]
[PlyCount "49"]
[EventDate "2018.08.04"]
[EventType "swiss"]
[EventRounds "6"]
[EventCountry "CAN"]

1. Nf3 Nf6 2. c4 e6 3. d4 d5 4. Nc3 c6 5. Bg5 Be7 6. e3 Nbd7 7. Bd3 b6 8. O-O
O-O 9. Rc1 Bb7 10. Qe2 dxc4 11. Bxc4 c5 12. Rfd1 Qb8 13. dxc5 Bxc5 14. Bb5 Ne5
15. Nd4 a6 16. Ba4 b5 17. Bc2 Neg4 18. Bf4 e5 19. Bg3 Qe8 20. Nf5 b4 21. Na4
Be7 22. Nb6 Ra7 23. Ba4 Qb8 24. Nxe7+ Kh8 25. Ned5 1-0